GLEE! - Statistics

General Stats
  • This quiz has been taken 2,519 times
  • The average score is 12 of 15
Answer Stats
Hint Answer % Correct
Who is in a wheelchair? Artie
99%
In season 3, who else is in a wheelchair? Quinn
96%
Glee club director? Will
95%
Token gay character? Kurt
94%
Cheerios Coach? Sue
94%
Transferred from Dalton to McKinley? Blaine
92%
Downs Syndrome Cheerleader? Becky
90%
Who is blonde, bubbly and slightly dumb? Brittany
89%
Tried to con Will into having a baby? Terri
87%
Tall and has 2 left feet? Finn
86%
Diva? Mercedes
83%
Likes to stomp her foot and has a flair for dramatics? Rachel
81%
What is the ship for Rachel and Quinn called? Faberry
72%
Name of Santana's alter ego? Snixx
48%
Bullies names? Azimio and Karofsky
2%
No matching quizzes found
Score Distribution
Percent of People with Each Score
Percentile by Number Answered
Your Score History
You have not taken this quiz